2022 FIFA Men's Soccer Ranking - Statistics

General Stats
  • This quiz has been taken 114 times
  • The average score is 29 of 50
Answer Stats
Rank Points Region Country % Correct
1 1840.77 South America Brazil
100%
2 1838.38 South America Argentina
99%
3 1823.39 Western Europe France
93%
5 1774.19 Western Europe England
80%
4 1781.3 Western Europe Belgium
79%
11 1672.35 North Africa Morocco
76%
7 1727.62 Balkans Croatia
74%
8 1723.56 Southern Europe Italy
73%
13 1652.74 North America United States
73%
9 1702.54 Southern Europe Portugal
71%
15 1635.78 North America Mexico
69%
6 1740.92 Western Europe Netherlands
69%
10 1692.71 Southern Europe Spain
69%
16 1627.45 South America Uruguay
69%
27 1533.97 Oceania Australia
68%
17 1612.78 South America Colombia
66%
18 1608.11 Northern Europe Denmark
64%
25 1539.49 East Asia South Korea
64%
20 1593.08 East Asia Japan
63%
19 1603.98 West Africa Senegal
62%
14 1646.91 Central Europe Germany
61%
12 1655.02 Central Europe Switzerland
61%
21 1564.3 South America Peru
60%
23 1558.45 Northern Europe Sweden
58%
24 1551.73 Middle East Iran
57%
22 1559.83 Central Europe Poland
57%
29 1526.46 Balkans Serbia
54%
31 1506.91 South America Chile
53%
26 1536.99 Eastern Europe Ukraine
53%
30 1526.2 North Africa Tunisia
52%
32 1500.18 Central America Costa Rica
51%
34 1497.24 Central Europe Austria
50%
33 1499.3 Central Africa Cameroon
50%
40 1486.72 North Africa Algeria
49%
39 1490.34 North Africa Egypt
49%
43 1475.05 Northern Europe Norway
48%
28 1530.28 Western Europe Wales
48%
41 1477.32 South America Ecuador
47%
38 1490.61 Central Europe Czechia
45%
46 1445.06 South America Paraguay
44%
36 1493.33 Central Europe Hungary
43%
35 1494.32 West Africa Nigeria
43%
42 1476.94 Western Europe Scotland
43%
37 1491.26 Eastern Europe Russia
42%
49 1438.13 Middle East Saudi Arabia
42%
44 1465.38 Middle East Turkey
42%
48 1438.59 Western Europe Ireland
40%
47 1441.49 West Africa Ivory Coast
36%
45 1449.05 West Africa Mali
34%
50 1434.81 West Africa Burkina Faso
26%
No matching quizzes found
Score Distribution
Percent of People with Each Score
Percentile by Number Answered
Your Score History
You have not taken this quiz